|
|
|
|
| LEADER |
00000nab a2200000uu 4500 |
| 001 |
vtls011457381 |
| 003 |
SK-MaSNL |
| 005 |
20260303151639.0 |
| 008 |
230222|1990 xo |||||||||||||||||slo| |
| 015 |
|
|
|a SNBRB
|
| 035 |
|
|
|a (urnnbn)urn:nbn:sk:snk:ar-a09uq8
|
| 035 |
|
|
|a (uuid)a24ff8ff-a6a9-432a-b5bc-529b2c2d5fae
|
| 035 |
|
|
|a urn:nbn:sk:snk-abcrzg
|
| 040 |
|
|
|a SNKBUCL
|b slo
|c SNKBUCL
|e AACR2
|
| 041 |
0 |
|
|a slo
|
| 044 |
|
|
|a xo
|c SK
|
| 100 |
1 |
|
|a Starek, Ladislav,
|d 1950-
|4 aut
|9 219542
|
| 245 |
1 |
0 |
|a Inverzný problém v kmitaní, generujúci symetrické koeficientové matice
|c L. Starek
|
| 773 |
0 |
|
|t Strojnícky časopis
|g Roč. 41, č. 3 (1990), s. 275-286
|
| 954 |
|
|
|a odborná, vedecká literatúra pôvodná (slovenská)
|2 lita
|
| 958 |
|
|
|a OND
|
| 958 |
|
|
|a EUIPO
|
| 958 |
|
|
|a article16
|
| 999 |
|
|
|c 2018752
|d 2020682
|